Countries in Arabic (Latin Script) - Statistics

General Stats
  • This quiz has been taken 292 times
  • The average score is 10 of 15
Answer Stats
Arabic English % Correct
Banghladish Bangladesh
96%
Tunis Tunisia
95%
Ghuatimala Guatemala
94%
Manghulia Mongolia
91%
Misr Egypt
83%
Srbyaan Serbia
82%
Hulanda Netherlands
80%
Kinia Kenya
75%
Janub Alsuwdan South Sudan
70%
Tawfalu Tuvalu
61%
Alyaban Japan
55%
Almamlakat Almutahida United Kingdom
50%
Juzur Albihama Bahamas
38%
Albusnat Walhirsik Bosnia and Herzegovina
29%
Aljabal Al'aswad Montenegro
20%
No matching quizzes found
Score Distribution
Percent of People with Each Score
Percentile by Number Answered
Your Score History
You have not taken this quiz